Sociology of India-II (MAJOR 5) (Record no. 12043)

MARC details
000 -LEADER
fixed length control field 00597nam a22002177a 4500
005 - DATE AND TIME OF LATEST TRANSACTION
control field 20260515115048.0
008 - FIXED-LENGTH DATA ELEMENTS--GENERAL INFORMATION
fixed length control field 250227b |||||||| |||| 00| 0 eng d
020 ## - INTERNATIONAL STANDARD BOOK NUMBER
International Standard Book Number 9789358492637
040 ## - CATALOGING SOURCE
Original cataloging agency IN-DiNC
Transcribing agency IN-DiNC
041 ## - LANGUAGE CODE
Language code of sung or spoken text eng
082 ## - DEWEY DECIMAL CLASSIFICATION NUMBER
Classification number 301.0954
Item number BHU
100 ## - MAIN ENTRY--PERSONAL NAME
Personal name by Bhuyan, Dilip Kumar
Relator term author
245 ## - TITLE STATEMENT
Title Sociology of India-II (MAJOR 5)
Statement of responsibility, etc. by Dilip Kumar Bhuyan
250 ## - EDITION STATEMENT
Edition statement 1st ed.
260 ## - PUBLICATION, DISTRIBUTION, ETC.
Place of publication, distribution, etc. Dibrugarh:
Name of publisher, distributor, etc. Banalata,
Date of publication, distribution, etc. 2024.
300 ## - PHYSICAL DESCRIPTION
Extent 274p.
650 ## - SUBJECT ADDED ENTRY--TOPICAL TERM
Topical term or geographic name entry element Ideas of India
700 ## - ADDED ENTRY--PERSONAL NAME
Personal name Moushumi Bordoloi
Relator term author
700 ## - ADDED ENTRY--PERSONAL NAME
Personal name Ayousree Dowara
Relator term author
942 ## - ADDED ENTRY ELEMENTS (KOHA)
Source of classification or shelving scheme Dewey Decimal Classification
Koha item type Books
Holdings
Withdrawn status Lost status Source of classification or shelving scheme Damaged status Not for loan Collection Home library Current library Shelving location Date acquired Cost, normal purchase price Total checkouts Full call number Barcode Date last seen Date last checked out Copy number Price effective from Koha item type
    Dewey Decimal Classification       Naharkatiya College Library Naharkatiya College Library General stacks 02/27/2025 240.00 5 301.0954 BHU 30525 04/25/2026 04/25/2026 1 02/27/2025 Books
    Dewey Decimal Classification       Naharkatiya College Library Naharkatiya College Library General stacks 02/27/2025 240.00 4 301.0954 BHU 30526 03/16/2026 02/14/2026 2 02/27/2025 Books